[Event "Rhein Main op 07th"]
[Site "Bad Homburg"]
[Date "2004.06.12"]
[Round "5.59"]
[White "Kuhn, Julius"]
[Black "Berg, Rainer"]
[Result "1/2-1/2"]
[WhiteElo "1222"]
[BlackElo "1583"]
[PlyCount "122"]
[EventDate "2004.06.09"]
[EventType "swiss"]
[EventRounds "7"]
[EventCountry "GER"]
[SourceTitle "CBM 100 Extra"]
[Source "ChessBase"]
[SourceDate "2004.07.06"]
[SourceVersion "2"]
[SourceVersionDate "2004.07.06"]
[SourceQuality "1"]

1. d4 Nf6 2. c4 e6 3. Nf3 h6 4. g3 Bb4+ 5. Bd2 c5 6. Qb3 Qa5 7. Bxb4 Qxb4+ 8. Qxb4 cxb4 9. Nbd2 d5 10. Bg2 Nc6 11. e3 0-0 12. 0-0 a5 13. Rfc1 a4 14. b3 a3 15. Rc2 Na5 16. Ne5 Rd8 17. c5 Bd7 18. Bf1 Bc6 19. Bd3 g6 20. f3 Kg7 21. Kg2 Nd7 22. Nxc6 bxc6 23. Rh1 f5 24. h4 e5 25. Rcc1 e4 26. fxe4 fxe4 27. Be2 Rf8 28. Rhf1 Rf6 29. Rxf6 Nxf6 30. Rf1 Rf8 31. Kh3 Rf7 32. g4 Ne8 33. Rxf7+ Kxf7 34. Ba6 Nc7 35. Be2 g5 36. h5 Ne6 37. Kg3 Nb7 38. Nf1 Na5 39. Nd2 Nxd4 40. exd4 e3 41. Bd1 exd2 42. Kf2 Nc4 43. Ke2 Ke6 44. Kd3 Na5 45. Kxd2 Nb7 46. Be2 Nd8 47. Ke3 Ke7 48. Ba6 Ne6 49. Bb7 Kd7 50. Ba6 Nc7 51. Bd3 Ne8 52. Be2 Nf6 53. Bf3 Ke6 54. Kd3 Ng8 55. Ke3 Ne7 56. Be2 Nc8 57. Bd3 Na7 58. Be2 Kd7 59. Bd3 Kc7 60. Kd2 Nc8 61. Ke3 Ne7 1/2-1/2

[Event "Rhein Main op 07th"]
[Site "Bad Homburg"]
[Date "2004.06.10"]
[Round "3.61"]
[White "Sprandl, Manfred"]
[Black "Kuhn, Julius"]
[Result "1-0"]
[WhiteElo "1553"]
[BlackElo "1222"]
[PlyCount "127"]
[EventDate "2004.06.09"]
[EventType "swiss"]
[EventRounds "7"]
[EventCountry "GER"]
[SourceTitle "CBM 100 Extra"]
[Source "ChessBase"]
[SourceDate "2004.07.06"]
[SourceVersion "2"]
[SourceVersionDate "2004.07.06"]
[SourceQuality "1"]

1. d4 Nf6 2. c4 e5 3. dxe5 Ne4 4. Nf3 d6 5. exd6 Bxd6 6. a3 Bg4 7. Be3 0-0 8. Nbd2 Re8 9. Nxe4 Rxe4 10. Qd5 Qe8 11. g3 Nc6 12. Bg2 Rd8 13. Qb5 Rxe3 14. fxe3 Qxe3 15. Qg5 Qxg5 16. Nxg5 Re8 17. Nf3 Be5 18. Nxe5 Rxe5 19. Bxc6 Rxe2+ 20. Kf1 bxc6 21. Re1 Re6 22. Rxe6 Bxe6 23. c5 Kf8 24. Kf2 Ke7 25. b4 a6 26. Re1 Kf6 27. Kf3 Ke7 28. Kf4 Kf6 29. h4 h5 30. Rd1 Ke7 31. Ke5 g6 32. Rd4 Bd5 33. g4 hxg4 34. Rxg4 Be6 35. Rd4 Bd5 36. Kf4 Be6 37. Kg5 Bd5 38. h5 gxh5 39. Kxh5 Kd7 40. Kg5 Kc8 41. Kf6 Kd7 42. Rh4 Kc8 43. Ke7 Kb8 44. Kd8 Kb7 45. Rh8 Be6 46. Re8 Bd5 47. Re7 f5 48. Rxc7+ Kb8 49. Rc8+ Kb7 50. Kd7 f4 51. Rf8 f3 52. Kd6 Be4 53. Ke5 Bd5 54. Kd4 Kc7 55. Ke3 Kb7 56. Rxf3 Bxf3 57. Kxf3 Kc7 58. Ke4 Kd8 59. Ke5 Kc7 60. a4 Kd7 61. Kf6 Kc8 62. Ke6 Kb8 63. Kd7 Kb7 64. Kd6 1-0